<?xml version="1.0" encoding="UTF-8"?>
<marc:record xmlns:marc="http://www.loc.gov/MARC21/slim">
   <marc:leader>00000nam a2200000 a 4500</marc:leader>
   <marc:datafield ind1="1" ind2=" " tag="100">
      <marc:subfield code="a">Carlotto, Massimo</marc:subfield>
      <marc:subfield code="4">aut</marc:subfield>
      <marc:subfield code="e">Verfasser/-in</marc:subfield>
   </marc:datafield>
   <marc:datafield ind1="1" ind2=" " tag="100">
      <marc:subfield code="a">Schmidt-Henkel, Hinrich</marc:subfield>
      <marc:subfield code="4">trl</marc:subfield>
      <marc:subfield code="e">Übersetzer/-in</marc:subfield>
   </marc:datafield>
   <marc:datafield ind1="0" ind2="0" tag="245">
      <marc:subfield code="a">Die Marseille-Connection</marc:subfield>
   </marc:datafield>
   <marc:datafield ind1="0" ind2="0" tag="245">
      <marc:subfield code="c">Massimo Carlotto. Aus dem Ital. von Hinrich Schmidt-Henkel</marc:subfield>
   </marc:datafield>
   <marc:datafield ind1=" " ind2="1" tag="264">
      <marc:subfield code="a">Stuttgart</marc:subfield>
      <marc:subfield code="b">Tropen</marc:subfield>
      <marc:subfield code="c">2013</marc:subfield>
   </marc:datafield>
   <marc:datafield ind1="1" ind2=" " tag="520">
      <marc:subfield code="a">Angaben aus der Verlagsmeldung

Die Marseille-Connection : Krimi Respiro Corti / von Massimo Carlotto

In der düsteren Metropole zwischen Afrika und Europa tobt ein Territorialkrieg. Kommissarin Bourdet – knallhart, hässlich und mit einer Schwäche für schöne Frauen – tut nicht nur Gutes, um das Böse zu verhindern. Sie hat ihre eigene Definition von Verbrechens-bekämpfung. Ein korsischer Mafiaboss alter Schule und ein Berufskiller, der sein Handwerk in den Drogenkriegen Südamerikas gelernt hat, helfen ihr dabei. Das bekommen Sosim, Sunil, Giuseppe und Inez zu spüren. Sie haben zusammen Ökonomie in Leeds studiert und kommen nach Marseille, um die Welt zu erobern. Geldwäsche, Betrug, Öko- und Wirtschaftskriminalität auf der internationalen Bühne sind ihr Geschäft.
</marc:subfield>
   </marc:datafield>
   <marc:datafield ind1=" " ind2=" " tag="020">
      <marc:subfield code="a">9783608501346</marc:subfield>
      <marc:subfield code="9">9783608501346</marc:subfield>
   </marc:datafield>
   <marc:datafield ind1=" " ind2=" " tag="020">
      <marc:subfield code="a">3608501347</marc:subfield>
      <marc:subfield code="9">3608501347</marc:subfield>
   </marc:datafield>
   <marc:datafield ind1=" " ind2=" " tag="300">
      <marc:subfield code="a">239 S.</marc:subfield>
   </marc:datafield>
</marc:record>
